|
|
|
|
| LEADER |
01546nam a2200373 a 4500 |
| 001 |
000447464 |
| 003 |
CZ BrMZK |
| 005 |
20140216235750.0 |
| 007 |
ta |
| 008 |
970917s1964 xr f cze d |
| 015 |
|
|
|a cnb000442111
|
| 035 |
|
|
|a (OCoLC)42165482
|
| 040 |
|
|
|a BOA001
|b cze
|
| 080 |
9 |
|
|a 634.956(021)
|2 MRF
|
| 100 |
1 |
|
|a Peřina, Vladimír,
|d 1927-1990
|7 jk01092619
|4 aut
|
| 245 |
1 |
0 |
|a Přirozená obnova lesních porostů /
|c Vladimír Peřina, Zdeněk Kadlus, Václav Jirkovský ; Fot.: [kol.]
|
| 250 |
|
|
|a 1. vyd.
|
| 260 |
|
|
|a Praha :
|b Státní zemědělské nakladatelství,
|c 1964
|
| 300 |
|
|
|a 167, [4] s. ;
|c 8°
|
| 490 |
1 |
|
|a Lesnické aktuality ;
|v Sv. 15
|
| 490 |
1 |
|
|a Lesnictví a myslivost
|
| 500 |
|
|
|a Přehl. lit.
|
| 500 |
|
|
|a S obr., fot. a tb. v textu
|
| 500 |
|
|
|a 2300 výt.
|
| 500 |
|
|
|a Obálka: Zbyněk Weinfurter
|
| 520 |
2 |
|
|a Příručka navazuje na Rámcové směrnice porostní obnovy z r. 1956 a na Rámcové směrnice pro přirozenou obnovu lesních porostů z r. 1962. Obsahuje základní znalosti nutné pro správné plánování přirozené obnovy a její aplikaci vjednotlivých porostech.
|
| 700 |
1 |
|
|a Jirkovský, Václav,
|d 1914-2002
|7 mzk2010594715
|4 aut
|
| 700 |
1 |
|
|a Kadlus, Zdeněk,
|d 1897-
|7 jk01052482
|4 aut
|
| 830 |
|
0 |
|a Lesnické aktuality
|
| 830 |
|
0 |
|a Lesnictví a myslivost
|0 s
|
| 910 |
|
|
|a BOA001
|b 2-0510.153
|
| 964 |
|
|
|a Porosty lesní - obnova přirozená - příručky
|
| 990 |
|
|
|a BK
|
| 996 |
6 |
|
|b 2610104341
|c 2-0510.153
|l HP2
|r DEN
|n 10
|p dar
|w 000447464
|u 000020
|a 1
|e BOA001
|j MZK50
|s P
|